Air quality (Record no. 117957)

MARC details
000 -LEADER
fixed length control field 01083cam a2200193 4500
001 - CONTROL NUMBER
control field WB@3612-320
008 - FIXED-LENGTH DATA ELEMENTS--GENERAL INFORMATION
fixed length control field 040903n2004 000 0 eng u
035 ## - SYSTEM CONTROL NUMBER
System control number (Sirsi) u127266
245 ## - TITLE STATEMENT
Title Air quality
260 ## - PUBLICATION, DISTRIBUTION, ETC.
Date of publication, distribution, etc. 2004
490 ## - SERIES STATEMENT
Series statement Greater London Authority News Release
Volume/sequential designation (308) 26 August 2004
520 ## - SUMMARY, ETC.
Summary, etc. The 13th World clean air and environmental protection congress has just been held in London. A report to the seminar published by the Greater London Authority, suggests that more needs to be done to meet the air quality targets set by the government and EU, and that the EU, national governments and local authorities all need to work together to improve air quality. "The mayor's air quality strategy" can be viewed at: http://www.london.gov.uk/mayor/strategies/air_qual ity/index.jsp, whilst a summary of the congress is at: http://www.kenes.com/cleanair/. http://www.london.gov.uk/view_press_release.jsp?re leaseid=4204
590 ## - LOCAL NOTE (RLIN)
Local note WB
590 ## - LOCAL NOTE (RLIN)
Local note WB
650 ## - SUBJECT ADDED ENTRY--TOPICAL TERM
Topical term or geographic name entry element AIR QUALITY
650 ## - SUBJECT ADDED ENTRY--TOPICAL TERM
Topical term or geographic name entry element AIR POLLUTION
690 ## - LOCAL SUBJECT ADDED ENTRY--TOPICAL TERM (OCLC, RLIN)
Topical term or geographic name as entry element ENVIRONMENT-MANAGEMENT
942 ## - ADDED ENTRY ELEMENTS (KOHA)
Suppress in OPAC 0
Holdings
Withdrawn status Lost status Source of classification or shelving scheme Damaged status Not for loan Home library Current library Shelving location Date acquired Total Checkouts Full call number Barcode Date last seen Copy number Price effective from Koha item type
    Dewey Decimal Classification     London London News article 03/09/2004   WB403410 127266-1001 06/08/2019 1 06/08/2019 News article